000 00622nam a2200229Ia 4500
003 OSt
005 20221007073426.0
006 a|||||r|||| 00| 0
007 ta
008 221006b |||||||| |||| 00| 0 eng d
024 _a15,192
037 _cTextual
040 _aFLL
_cFLL
_beng
041 _2eng
_aeng
082 _aX:9521:Z2qN65, L0
100 _aSrivastava K.D.
245 0 _aPayment of bonus act, 1965
260 _aLucknow
_bEastern Book Company India
_c1970
300 _axxxiii,447p
_ccm.
942 _hX:9521:Z2qN65, L0
_cTEXL
_2CC
999 _c1148707
_d1148707